000 00651nam a2200253 a 4500
001 30694
003 AR-BaAGN
005 20231223062726.0
007 ta
008 220625s1980 ag |||||r|||| ||||||spa d
040 _dAR-BaAGN
_aAR-BaAGN
_bspa
_eaacr
100 1 _aOrtiz y Bustos, Belisario
245 1 0 _aManual de filosofía del derecho
250 _a1ª ed.
260 _aCórdoba :
_bUniversidad Nacional de Córdoba,
_c1980.
300 _a414 páginas
336 _2rdacontent
_btxt
337 _2rdamedia
_bn
338 _2rdacarrier
_bnc
650 4 _aDERECHO
_91508
650 4 _aFILOSOFÍA
_91702
942 _cLIBRO
999 _c30694
_d30694